| 000 | 00619cam a22002171 4500 | ||
|---|---|---|---|
| 001 | 000001373 | ||
| 005 | 20240306073909.0 | ||
| 008 | 760316s1961 cu a 000 0 spa | ||
| 010 | _a63044864 | ||
| 035 | _a(OCoLC)2052149 | ||
| 040 |
_aDO-SdBNP _cFMU _dDLC |
||
| 042 | _apremarc | ||
| 043 |
_anwcu--- _acc----- _acl----- |
||
| 050 | 0 | 0 |
_aLB775 _b.M3573 |
| 100 | 1 |
_aMartí, José, _d1853-1895 _9645 |
|
| 245 | 0 | 0 | _aIdeario pedagogico. |
| 260 |
_aHabana : _b[Impr. Nacional de Cuba], _c1961. |
||
| 300 |
_a238 p. : _billus. ; _c20 cm. |
||
| 650 | 0 |
_aEducation _xPhilosophy. _94597 |
|
| 910 | _aCatalogación por copia / LC | ||
| 999 |
_c1297 _d1297 |
||